| 000 | 00771ctm a22002055a 4500 | ||
|---|---|---|---|
| 001 | L141077 | ||
| 008 | 071026s1832 xxk eng u | ||
| 035 | _a(Sirsi) u141077 | ||
| 041 | 0 | _aeng | |
| 100 | 1 | _aMacLeith, D. | |
| 245 | 0 | 1 |
_a[Note from D. MacLeith, auctioneer, to Messrs. Hunter Campbell dated 10 November 1832 regarding the sale of the estates of South Uist Benbecula] _h[manuscript] |
| 260 | _c1832 | ||
| 300 |
_a2 leaves _c18 x 11 cm. |
||
| 340 | _aInk on paper | ||
| 351 | _cSingle item | ||
| 500 | _aThe note acknowledges the booking of a forthcoming sale for 23 January 1833 at the Royal Exchange Coffee House, Edinburgh. | ||
| 651 | 4 | _aEdinburgh | |
| 690 | _aPROPERTY ACQUISITION AND DISPOSAL-ACQUISITION AND DISPOSAL AT AUCTION | ||
| 942 | _n0 | ||
| 999 |
_c116573 _d116573 |
||